Tiếng Việt Thực hành
Vai trò của ngôn từ, câu sai, dấu câu, chính tả tiếng Việt. Câu mơ hồ và vấn đề diễn đạt chính xác rõ ràng. Hiện tượng tư trong ngôn ngữ
Gorde:
| Egile nagusia: | |
|---|---|
| Formatua: | Liburua |
| Hizkuntza: | Vietnamese |
| Argitaratua: |
TP.Hồ Chí Minh
Tủ sách Đại học Tổng Hợp TP.Hồ Chí Minh
1995
|
| Gaiak: | |
| Etiketak: |
Etiketa erantsi
Etiketarik gabe, Izan zaitez lehena erregistro honi etiketa jartzen!
|
| Thư viện lưu trữ: | Mạng thư viện Đại học Đà Nẵng |
|---|
| LEADER | 01279nam a2200337 4500 | ||
|---|---|---|---|
| 001 | 000008325 | ||
| 003 | 4511 | ||
| 005 | 20111110081109.0 | ||
| 008 | 111014s1995 viesd | ||
| 041 | 0 | |a vie | |
| 082 | |a 495.922 |b NG-D | ||
| 100 | 0 | |a Nguyễn Đức Dân | |
| 245 | 0 | |a Tiếng Việt |b Thực hành |c Nguyễn Đức Dân | |
| 260 | |a TP.Hồ Chí Minh |b Tủ sách Đại học Tổng Hợp TP.Hồ Chí Minh |c 1995 | ||
| 300 | |a 191tr. |c 21cm | ||
| 500 | |a Thư mục tr:189-191 | ||
| 520 | |a Vai trò của ngôn từ, câu sai, dấu câu, chính tả tiếng Việt. Câu mơ hồ và vấn đề diễn đạt chính xác rõ ràng. Hiện tượng tư trong ngôn ngữ | ||
| 650 | |a Tiếng Việt | ||
| 650 | |a Thực hành | ||
| 653 | |a Giáo trình | ||
| 910 | |a LÊ THỊ QUỲNH |d 14/10/2011 | ||
| OWN | |a LSP | ||
| AVA | |a UDN50 |b LSP |d 495.922 NG-D |e available |t Error 5001 Not defined in file expand_doc_bib_avail. |f 8 |g 4 |h N |i 0 |k 1 | ||
| 999 | |a From the UDN01 | ||
| AVA | |a UDN50 |b LSP |d 495.922 NG-D |e available |t Error 5001 Not defined in file expand_doc_bib_avail. |f 8 |g 4 |h N |i 0 |k 1 | ||
| TYP | |a Monograph | ||
| TYP | |a Printed language | ||
| 980 | |a Mạng thư viện Đại học Đà Nẵng | ||